000
00255nam a2200109Ia 4500
008
230822s1998 xx 000 0 und d
041
_a
eng
100
_a
WRIGHT.G.
245
_a
HILL STATIONS OF INDIA
260
_b
PENGUIN BOOKS LTD
_c
1998
300
_a
143
999
_c
858585
_d
858585